000 00447nam a22001697a 4500
003 LK-CoDNM
005 20240502154818.0
008 240502b |||||||| |||| 00| 0 eng d
040 _aLK-CoDNM
_dLK-CoDNM
_eLK-CoDNM
041 _asin
080 _aඩ4
245 _aගම් සභා ප්‍ර‍වෘත්ති
246 _avillage committee gazette
260 _aM.D.gunasena
_bColombo
_c1952
300 _b86p.,24cm
942 _cBK
999 _c145708
_d145708